000 00638nam a22002177a 4500
003 UA-OsUOA
001 102420
007 ta
008 20130913b un ||||| |||| 00| 0 ukr d
100 _aКоробенко М.
090 _a330
_bК68
942 _cSA
040 _aUA-OsUOA
_bukr
_cUA-OsUOA
_dUA-OsUOA
245 _aАналіз фінансової стійкості банківського сектору економіки
300 _aС.38-61
955 _a0
041 _aukr
080 _a330
773 0 _w102416
_tБанківська справа
_dК.
_d2013
_g6
650 7 _a330 Економіка взагалі
_2UDC
999 _c388635
_d388635